[Event "Barry Atkinson mem."]
[Site "Winnipeg CAN"]
[Date "2023.03.07"]
[Round "1.6"]
[White "Zhang, Ziqin"]
[Black "MacPherson, Al"]
[Result "0-1"]
[WhiteElo "1140"]
[BlackElo "1677"]
[PlyCount "30"]
[EventDate "2023.03.07"]
[EventType "swiss"]
[EventRounds "4"]
[EventCountry "CAN"]

1. e4 c5 2. Nc3 d6 3. Nf3 a6 4. d4 cxd4 5. Nxd4 Nf6 6. Bg5 e6 7. Qf3 Be7 8.
O-O-O Qc7 9. Bd3 b5 10. Nb3 Bb7 11. Qg3 Nc6 12. Rhe1 h6 13. Bf4 Nh5 14. Qf3
Nxf4 15. Qxf4 Bg5 0-1

[Event "Barry Atkinson mem."]
[Site "Winnipeg CAN"]
[Date "2023.03.07"]
[Round "1.7"]
[White "Stordeur, Jackson"]
[Black "Ling, Aiden"]
[Result "1-0"]
[WhiteElo "1670"]
[BlackElo "1000"]
[PlyCount "89"]
[EventDate "2023.03.07"]
[EventType "swiss"]
[EventRounds "4"]
[EventCountry "CAN"]

1. e4 e5 2. Nf3 Nc6 3. Bb5 a6 4. Ba4 b5 5. Bb3 Nf6 6. O-O Bc5 7. Re1 O-O 8. c3
d6 9. d4 exd4 10. cxd4 Bb6 11. h3 Be6 12. d5 Nxe4 13. Rxe4 Bf5 14. Re1 Ne7 15.
Bg5 f6 16. Be3 c5 17. dxc6+ Kh8 18. Bxb6 Qxb6 19. Rxe7 Qxc6 20. Bd5 Qc8 21.
Bxa8 Qxa8 22. Nc3 h6 23. Qe2 Qd8 24. Re1 Bg6 25. Qe6 Kh7 26. Nh4 Bd3 27. Re8
Rxe8 28. Qxe8 Qxe8 29. Rxe8 Bg6 30. Nxg6 Kxg6 31. Ra8 b4 32. Nd5 Kf5 33. Rxa6
Ke4 34. Nxb4 d5 35. Nxd5 Kxd5 36. Ra7 g5 37. Rc7 Ke6 38. a4 Kf5 39. a5 Kg6 40.
a6 Kh5 41. Rg7 f5 42. a7 f4 43. a8=Q g4 44. Qe8+ Kh4 45. Rxg4# 1-0

[Event "Barry Atkinson mem."]
[Site "Winnipeg CAN"]
[Date "2023.03.07"]
[Round "1.8"]
[White "Ash, Cory"]
[Black "Klusa, Mark"]
[Result "0-1"]
[WhiteElo "937"]
[BlackElo "1641"]
[PlyCount "96"]
[EventDate "2023.03.07"]
[EventType "swiss"]
[EventRounds "4"]
[EventCountry "CAN"]

1. e4 c5 2. Nf3 Nc6 3. Bc4 e6 4. c3 d5 5. exd5 exd5 6. Bb5 Nf6 7. O-O a6 8.
Bxc6+ bxc6 9. d4 Be7 10. Re1 O-O 11. h3 Re8 12. Ne5 Bd7 13. Bf4 cxd4 14. cxd4
c5 15. a4 Qb6 16. Re2 cxd4 17. Nxd7 Nxd7 18. a5 Qf6 19. Bg3 Bb4 20. Nd2 d3 21.
Re3 Rxe3 22. fxe3 Qxb2 23. Nf3 Rc8 24. Rb1 Qc2 25. Nd4 Qxd1+ 26. Rxd1 d2 27.
Nb3 Nc5 28. Nxd2 Bxd2 29. Rxd2 Ne4 30. Rxd5 Nxg3 31. Kf2 Ne4+ 32. Kf3 Nf6 33.
Rd6 Ra8 34. e4 Kf8 35. g4 Ke7 36. e5 Ne8 37. Rb6 Nc7 38. Ke4 Rd8 39. Rc6 Rd7
40. g5 Ke8 41. Kf5 Kd8 42. Rd6 Rxd6 43. exd6 Nb5 44. Ke5 Kd7 45. Kd5 Nxd6 46.
Kc5 Nc8 47. h4 f6 48. gxf6 gxf6 0-1

[Event "Barry Atkinson mem."]
[Site "Winnipeg CAN"]
[Date "2023.03.21"]
[Round "2.1"]
[White "Atem, James"]
[Black "Dhillon, Iqvinder"]
[Result "1-0"]
[WhiteElo "1788"]
[BlackElo "1796"]
[PlyCount "97"]
[EventDate "2023.03.07"]
[EventType "swiss"]
[EventRounds "4"]
[EventCountry "CAN"]

1. d4 e6 2. e4 b6 3. c4 Bb7 4. Bd3 Bb4+ 5. Bd2 Bxd2+ 6. Qxd2 f5 7. f3 fxe4 8.
fxe4 Bxe4 9. Nc3 Bxd3 10. Qxd3 Nc6 11. Nf3 Nf6 12. a3 O-O 13. O-O-O Na5 14.
Rhf1 d5 15. cxd5 Nxd5 16. Ne2 c5 17. dxc5 bxc5 18. h4 c4 19. Qe4 Qb6 20. Nfd4
Rfe8 21. Rf3 Rab8 22. Rd2 c3 23. bxc3 Nb3+ 24. Nxb3 Qxb3 25. c4 Qa4 26. Qc2
Qxc2+ 27. Rxc2 Nf6 28. Nd4 e5 29. Nc6 Ra8 30. Re2 Rac8 31. Nxe5 Rxc4+ 32. Nxc4
Rxe2 33. Ne3 Ra2 34. Nc2 Ne4 35. Kb1 Nd2+ 36. Kxa2 Nxf3 37. gxf3 Kf7 38. Nd4 h5
39. Kb3 Ke7 40. Kc4 g6 41. Nc6+ Kf6 42. Nxa7 g5 43. hxg5+ Kxg5 44. Nc6 h4 45.
Nd4 Kf4 46. Kd3 h3 47. Ne2+ Kg5 48. Ke3 Kh4 49. Kf2 1-0

[Event "Barry Atkinson mem."]
[Site "Winnipeg CAN"]
[Date "2023.03.14"]
[Round "2.1"]
[White "Dhillon, Iqvinder"]
[Black "Letain, Cory"]
[Result "1-0"]
[WhiteElo "1796"]
[BlackElo "1750"]
[PlyCount "59"]
[EventDate "2023.03.07"]
[EventType "swiss"]
[EventRounds "4"]
[EventCountry "CAN"]

1. b3 e5 2. Bb2 Nc6 3. e3 d5 4. Bb5 Bd6 5. Nf3 Qe7 6. c4 Nf6 7. c5 Bxc5 8. Nxe5
Bd7 9. Nxd7 Qxd7 10. Bxf6 gxf6 11. Qc2 Bb6 12. Bxc6 bxc6 13. d4 O-O-O 14. Nc3
Rdg8 15. g3 h5 16. h4 Qe6 17. O-O-O f5 18. Ne2 Kd7 19. Nf4 Qe4 20. Nd3 f6 21.
Kb2 Rb8 22. Rc1 Bxd4+ 23. exd4 Qxd4+ 24. Kb1 Kc8 25. Rhe1 Rb6 26. Nc5 Qg4 27.
Qc3 Rf8 28. Qe3 Qg8 29. Qe7 Kb8 30. Qxf8+ 1-0

[Event "Barry Atkinson mem."]
[Site "Winnipeg CAN"]
[Date "2023.03.14"]
[Round "2.2"]
[White "MacPherson, Al"]
[Black "Atem, James"]
[Result "0-1"]
[WhiteElo "1677"]
[BlackElo "1788"]
[PlyCount "94"]
[EventDate "2023.03.07"]
[EventType "swiss"]
[EventRounds "4"]
[EventCountry "CAN"]

1. b3 e5 2. Bb2 d6 3. e3 Nf6 4. Nf3 Nc6 5. Bb5 Bd7 6. c4 Be7 7. d4 e4 8. Bxc6
bxc6 9. Nfd2 d5 10. Nc3 Bg4 11. Ne2 O-O 12. h3 Bd7 13. Qc1 Qc8 14. Ba3 Qd8 15.
Bxe7 Qxe7 16. cxd5 cxd5 17. Qc5 Qd8 18. Nc3 Be6 19. Rc1 a6 20. Na4 Bd7 21. Nc3
Be6 22. Na4 Bd7 23. Qa5 Ra7 24. Nc5 Bc8 25. O-O Qd6 26. f4 exf3 27. Nxf3 Nh5
28. Qe1 Ng3 29. Rf2 Re8 30. Rfc2 f6 31. Nd3 Bd7 32. Nf4 Nf5 33. Rc3 a5 34. g4
Ne7 35. Kg2 a4 36. b4 Bb5 37. Rc5 c6 38. a3 g5 39. Ne2 Ng6 40. Kf2 Rae7 41.
R1c3 Nh4 42. Ng3 Nxf3 43. Kxf3 Qe6 44. Nf5 Rd7 45. Qg3 Qe4+ 46. Kf2 Qb1 47. Nd6
Qf1# 0-1

[Event "Barry Atkinson mem."]
[Site "Winnipeg CAN"]
[Date "2023.03.14"]
[Round "2.3"]
[White "Vaughan, Nathan"]
[Black "Stordeur, Jackson"]
[Result "1-0"]
[WhiteElo "1778"]
[BlackElo "1670"]
[Annotator "aboro"]
[PlyCount "98"]
[EventDate "2023.03.07"]
[EventType "swiss"]
[EventRounds "4"]
[EventCountry "CAN"]

1. e4 e5 2. Nf3 Nc6 3. Bb5 a6 4. Ba4 Nf6 5. O-O Be7 6. Re1 b5 7. Bb3 O-O 8. d4
d6 9. c3 Bg4 10. Be3 Re8 11. h3 Bh5 12. Nbd2 Bf8 13. d5 Na5 14. Bc2 c6 15. b4
Nc4 16. Nxc4 bxc4 17. Bg5 cxd5 18. exd5 Be7 19. g4 Bg6 20. Bxg6 fxg6 21. Qe2
Rf8 22. Rac1 Rc8 23. Bxf6 Rxf6 24. Ng5 Qb6 25. Ne6 Qb5 26. Rcd1 Bd8 27. Kg2 Bb6
28. Rf1 Re8 29. Rd2 Re7 30. Qe4 Ref7 31. a4 Qxa4 32. Qxc4 h6 33. Ra2 Qb5 34.
Qxb5 axb5 35. f3 g5 36. Ra8+ Kh7 37. Rb8 Ba7 38. Rxb5 e4 39. c4 exf3+ 40. Kg3
f2 41. c5 Rf3+ 42. Kg2 Rd3 43. Rxf2 Rxf2+ 44. Kxf2 dxc5 45. Rb7 cxb4+ 46. Rxa7
Rxd5 47. Rxg7+ Kh8 48. Rb7 Rd2+ 49. Ke3 Rd1 {and White eventually won.} 1-0

[Event "Barry Atkinson mem."]
[Site "Winnipeg CAN"]
[Date "2023.03.14"]
[Round "2.4"]
[White "Boron, Anthony"]
[Black "Klokow, John"]
[Result "1-0"]
[WhiteElo "2011"]
[BlackElo "1641"]
[PlyCount "77"]
[EventDate "2023.03.07"]
[EventType "swiss"]
[EventRounds "4"]
[EventCountry "CAN"]

1. d4 Nf6 2. Nf3 g6 3. Nc3 d5 4. Bf4 Bg7 5. e3 O-O 6. h3 Re8 7. Be2 c6 8. O-O
Nfd7 9. b4 e5 10. dxe5 Nxe5 11. Nxe5 Bxe5 12. Bxe5 Rxe5 13. Qd4 Qe7 14. Rae1 a5
15. b5 Bf5 16. Bd3 c5 17. Qa4 Bxd3 18. cxd3 Qd6 19. f4 Re7 20. e4 dxe4 21. dxe4
Nd7 22. Nd5 Ree8 23. Rd1 Nb6 24. Qc2 c4 25. Kh1 Rac8 26. e5 Qc5 27. Nf6+ Kg7
28. Nxe8+ Rxe8 29. Qf2 Qxf2 30. Rxf2 Rc8 31. Rd6 Na4 32. Rd7 b6 33. e6 Nc5 34.
Rxf7+ Kg8 35. Re7 Ne4 36. Rc2 c3 37. Rd7 h5 38. e7 Kf7 39. Rd8 1-0

[Event "Barry Atkinson mem."]
[Site "Winnipeg CAN"]
[Date "2023.03.14"]
[Round "2.5"]
[White "Bince, Rolando"]
[Black "Hansima, Charitha"]
[Result "1-0"]
[WhiteElo "1889"]
[BlackElo "1768"]
[PlyCount "63"]
[EventDate "2023.03.07"]
[EventType "swiss"]
[EventRounds "4"]
[EventCountry "CAN"]

1. c4 Nf6 2. Nc3 g6 3. e4 d6 4. Nf3 Bg7 5. d4 b6 6. Be2 Bb7 7. Qc2 O-O 8. O-O
Nbd7 9. Rd1 c5 10. d5 Qc7 11. Bg5 Rfe8 12. h3 e6 13. Bf4 exd5 14. Nb5 Qb8 15.
Bxd6 Qc8 16. exd5 Ne4 17. Bh2 Re7 18. Bd3 Ndf6 19. Re1 a6 20. Nd6 Nxd6 21. Rxe7
Nfe8 22. Rae1 b5 23. b3 Bf6 24. Bxd6 Bxe7 25. Bxe7 Qc7 26. Qe2 Nd6 27. Bxd6
Qxd6 28. Qe5 Qd7 29. Qe7 Qc8 30. Re3 bxc4 31. bxc4 Rb8 32. Ng5 1-0

[Event "Barry Atkinson mem."]
[Site "Winnipeg CAN"]
[Date "2023.03.14"]
[Round "2.6"]
[White "Rutter, Blair"]
[Black "Kumbharathi, Harsha"]
[Result "1-0"]
[WhiteElo "1874"]
[BlackElo "1257"]
[PlyCount "77"]
[EventDate "2023.03.07"]
[EventType "swiss"]
[EventRounds "4"]
[EventCountry "CAN"]

1. c4 Nf6 2. g3 e5 3. Nc3 Nc6 4. Bg2 g6 5. e4 d6 6. Nge2 Be6 7. d3 Bg7 8. O-O
Qd7 9. f3 O-O 10. Be3 Ne7 11. Qd2 c5 12. Rad1 Nc6 13. g4 Rfd8 14. h3 b6 15. Bg5
Qe7 16. f4 h6 17. Bxf6 Bxf6 18. f5 Bg5 19. Qc2 Bd7 20. Nd5 Qf8 21. fxg6 Be8 22.
Rf3 Qg7 23. Nc7 fxg6 24. Nxa8 Rxa8 25. Rdf1 Bd7 26. Qd1 h5 27. Rf7 Qxf7 28.
Rxf7 Kxf7 29. gxh5 gxh5 30. Nc3 Be3+ 31. Kh1 Rg8 32. Qxh5+ Kg7 33. Nd5 Bh6 34.
Qh4 Rf8 35. Ne7 Nxe7 36. Qxe7+ Rf7 37. Qxd6 Bc8 38. Qxe5+ Rf6 39. Qc7+ 1-0

[Event "Barry Atkinson mem."]
[Site "Winnipeg CAN"]
[Date "2023.03.14"]
[Round "2.7"]
[White "Dali Cruz-Sanchez, Helena"]
[Black "Annakkage, Udaya"]
[Result "0-1"]
[WhiteElo "1107"]
[BlackElo "1783"]
[PlyCount "66"]
[EventDate "2023.03.07"]
[EventType "swiss"]
[EventRounds "4"]
[EventCountry "CAN"]

1. e4 Nf6 2. Nc3 d5 3. exd5 Nxd5 4. Nxd5 Qxd5 5. h3 e5 6. d3 Bc5 7. Nf3 O-O 8.
Be2 Nc6 9. O-O Be6 10. Be3 Rad8 11. Qd2 e4 12. dxe4 Qxe4 13. Qc3 Bxe3 14. Qxe3
Qxc2 15. Ng5 Rfe8 16. b3 Bf5 17. Qf3 Rxe2 18. Qh5 Bg6 19. Qh4 h6 20. Nf3 Rde8
21. Rad1 Qe4 22. Qg3 Qe7 23. Qg4 Ne5 24. Qg3 Nxf3+ 25. Qxf3 c6 26. Qg4 Qe6 27.
Qg3 Qf6 28. Qg4 Qg5 29. Qd4 Be4 30. g3 Qf5 31. Kh2 Bd5 32. Qh4 Qf3 33. Rg1
Rxf2+ 0-1

[Event "Barry Atkinson mem."]
[Site "Winnipeg CAN"]
[Date "2023.03.14"]
[Round "2.8"]
[White "Odeyemi, Emmanuel"]
[Black "Zhang, Ziqin"]
[Result "1-0"]
[WhiteElo "1515"]
[BlackElo "1140"]
[PlyCount "71"]
[EventDate "2023.03.07"]
[EventType "swiss"]
[EventRounds "4"]
[EventCountry "CAN"]

1. d4 Nf6 2. c4 d5 3. e3 e6 4. Nf3 c5 5. Nc3 Nc6 6. Qb3 cxd4 7. exd4 Qb6 8. Qd1
Bd6 9. c5 Bxc5 10. dxc5 Qxc5 11. Bd3 Qa5 12. Be2 O-O 13. Bd2 Qc7 14. h3 Re8 15.
O-O e5 16. Bg5 d4 17. Bxf6 dxc3 18. Bh4 cxb2 19. Rb1 Qb6 20. Qb3 e4 21. Nh2 e3
22. Qxb2 Bf5 23. Qxb6 axb6 24. Rxb6 Rxa2 25. Bc4 e2 26. Bxe2 Raxe2 27. Rxb7 h6
28. g4 Bg6 29. Bg3 Nd4 30. h4 Re1 31. h5 Ne2+ 32. Kg2 Be4+ 33. f3 Rxf1 34. fxe4
Rg1+ 35. Kf2 Rxg3 36. Rb2 {scoresheets indecipherable. White won in 51 moves}
1-0

[Event "Barry Atkinson mem."]
[Site "Winnipeg CAN"]
[Date "2023.03.14"]
[Round "2.9"]
[White "Ling, Aiden"]
[Black "Roberts, Allan"]
[Result "1-0"]
[WhiteElo "1000"]
[BlackElo "1439"]
[PlyCount "125"]
[EventDate "2023.03.07"]
[EventType "swiss"]
[EventRounds "4"]
[EventCountry "CAN"]

1. e4 e6 2. d4 d5 3. exd5 exd5 4. Nc3 Nf6 5. Nf3 Bd6 6. Bg5 c6 7. Be2 O-O 8. h4
Re8 9. h5 h6 10. Bh4 Bg4 11. Qd3 Qe7 12. O-O-O Nbd7 13. Rhe1 b5 14. Bf1 Qd8 15.
Ne2 Bxh5 16. Nd2 Bg6 17. Qc3 Nb6 18. Nb3 Nc4 19. Ng3 a5 20. Bxc4 bxc4 21. Nc5
Bf4+ 22. Kb1 a4 23. Rxe8+ Qxe8 24. Bxf6 gxf6 25. a3 Bxg3 26. fxg3 Qe2 27. Qd2
Qh5 28. Rf1 Kg7 29. Qf2 Qg5 30. Nd7 f5 31. Ne5 Rc8 32. c3 Bh7 33. g4 fxg4+ 34.
Ka1 f5 35. g3 Qe7 36. Qe2 c5 37. Qd1 Qb7 38. Qxa4 cxd4 39. cxd4 Rb8 40. Rf2 c3
41. b4 Rc8 42. Nd3 Qc7 43. Nc5 Qc6 44. Qb3 f4 45. Qxc3 f3 46. Qc1 Qf6 47. Qe3
Be4 48. Nxe4 dxe4 49. Qxe4 Rd8 50. Qxg4+ Kh7 51. Rxf3 Qe7 52. Qf5+ Kg8 53. Qg6+
Kh8 54. Qxh6+ Kg8 55. Qg6+ Kh8 56. Qf6+ Qxf6 57. Rxf6 Rxd4 58. b5 Rd3 59. Ka2
Rxg3 60. b6 Rg7 61. Rc6 Rb7 62. Rc8+ Kg7 63. Rc7+ 1-0

[Event "Barry Atkinson mem."]
[Site "Winnipeg CAN"]
[Date "2023.03.21"]
[Round "3.2"]
[White "Vaughan, Nathan"]
[Black "Bince, Rolando"]
[Result "1-0"]
[WhiteElo "1778"]
[BlackElo "1889"]
[PlyCount "75"]
[EventDate "2023.03.07"]
[EventType "swiss"]
[EventRounds "4"]
[EventCountry "CAN"]

1. e4 c6 2. d4 d5 3. exd5 cxd5 4. c4 Nf6 5. Nc3 e6 6. Nf3 Nc6 7. c5 Ne4 8. Bf4
f6 9. Bd3 Nxc3 10. bxc3 Be7 11. O-O O-O 12. Qc2 f5 13. Rfe1 Bf6 14. Bd6 Rf7 15.
Re2 Be7 16. Ne5 Nxe5 17. Bxe5 Bf6 18. Rae1 Bd7 19. c4 Bxe5 20. Rxe5 Qg5 21.
cxd5 exd5 22. Rxd5 Bc6 23. Bc4 Kf8 24. f4 Qg6 25. Rde5 Be4 26. R1xe4 fxe4 27.
Bxf7 Qxf7 28. Qxe4 g6 29. d5 Rc8 30. Qd4 Rd8 31. d6 Qg7 32. Qe4 b6 33. c6 Qf6
34. c7 Rc8 35. Qb7 Qxf4 36. Qxc8+ Kg7 37. Re7+ Kh6 38. Qh3+ 1-0

[Event "Barry Atkinson mem."]
[Site "Winnipeg CAN"]
[Date "2023.03.21"]
[Round "3.3"]
[White "Annakkage, Udaya"]
[Black "Bonness, Will"]
[Result "0-1"]
[WhiteElo "1783"]
[BlackElo "1881"]
[PlyCount "44"]
[EventDate "2023.03.07"]
[EventType "swiss"]
[EventRounds "4"]
[EventCountry "CAN"]

1. e4 d5 2. exd5 Qxd5 3. Nc3 Qd8 4. d4 Nf6 5. Bc4 a6 6. Nf3 b5 7. Bb3 c5 8.
dxc5 Qxd1+ 9. Nxd1 e6 10. O-O Bxc5 11. Bg5 Nbd7 12. c3 Bb7 13. Nd4 Bxd4 14.
cxd4 Nd5 15. Ne3 N7b6 16. Rac1 O-O 17. Rfe1 h6 18. Bh4 Rac8 19. a3 Nf4 20. Bc2
Nc4 21. Nxc4 Rxc4 22. f3 Rfc8 0-1

[Event "Barry Atkinson mem."]
[Site "Winnipeg CAN"]
[Date "2023.03.21"]
[Round "3.4"]
[White "Letain, Cory"]
[Black "Rutter, Blair"]
[Result "1/2-1/2"]
[WhiteElo "1750"]
[BlackElo "1874"]
[PlyCount "70"]
[EventDate "2023.03.07"]
[EventType "swiss"]
[EventRounds "4"]
[EventCountry "CAN"]

1. e4 e6 2. d4 d5 3. exd5 exd5 4. Nf3 Nf6 5. c4 c6 6. Nc3 Bg4 7. Bg5 Be7 8. Be2
O-O 9. O-O Re8 10. Re1 Nbd7 11. Qb3 Qb6 12. h3 Bh5 13. Ne5 Bxe2 14. Nxd7 Nxd7
15. Bxe7 Rxe7 16. Rxe2 Rxe2 17. Nxe2 Nf6 18. Qxb6 axb6 19. b3 Re8 20. Ng3 g6
21. Kf1 Kf8 22. Re1 Rd8 23. Rd1 h5 24. f3 Kg7 25. Kf2 h4 26. Ne2 g5 27. Nc3 Kg6
28. Na4 Ra8 29. Rd2 b5 30. cxb5 cxb5 31. Nc5 b6 32. Nd3 Nd7 33. Nb4 Nf6 34. Nd3
Nd7 35. Nb4 Nf6 1/2-1/2

[Event "Barry Atkinson mem."]
[Site "Winnipeg CAN"]
[Date "2023.03.21"]
[Round "3.5"]
[White "Trueman, Francis"]
[Black "MacPherson, Al"]
[Result "0-1"]
[WhiteElo "1431"]
[BlackElo "1677"]
[PlyCount "53"]
[EventDate "2023.03.07"]
[EventType "swiss"]
[EventRounds "4"]
[EventCountry "CAN"]

1. Nf3 d5 2. d3 c5 3. g3 Nc6 4. c3 e5 5. Bg2 f5 6. O-O Nf6 7. Nbd2 Be7 8. Qc2
e4 9. dxe4 fxe4 10. Ng5 O-O 11. Ndxe4 dxe4 12. Qb3+ Qd5 13. c4 Qd8 14. Be3 Qb6
15. Qxb6 axb6 16. Nxe4 Bf5 17. Nc3 Rad8 18. Bf4 Bd6 19. Bg5 h6 20. Bxf6 gxf6
21. Nd5 Be5 22. e4 Be6 23. Nf4 Bxf4 24. gxf4 Bxc4 25. Rfe1 Nd4 26. b3 Bb5 27.
Re3 0-1

[Event "Barry Atkinson mem."]
[Site "Winnipeg CAN"]
[Date "2023.03.21"]
[Round "3.6"]
[White "Stordeur, Jackson"]
[Black "Nouri, Basir"]
[Result "1-0"]
[WhiteElo "1670"]
[BlackElo "1302"]
[PlyCount "74"]
[EventDate "2023.03.07"]
[EventType "swiss"]
[EventRounds "4"]
[EventCountry "CAN"]

1. e4 e5 2. Nf3 d6 3. d4 exd4 4. Nxd4 c5 5. Nb5 a6 6. N5c3 Nf6 7. Bg5 Be7 8.
Qf3 O-O 9. Bc4 b5 10. e5 Ng4 11. Qxa8 Bxg5 12. Qxb8 dxe5 13. Be2 Qd4 14. Bxg4
Bxg4 15. Qb7 b4 16. O-O bxc3 17. Nxc3 Bd2 18. Qxa6 e4 19. a4 e3 20. fxe3 Bxe3+
21. Kh1 Bc8 22. Qd3 Bb7 23. Qxd4 cxd4 24. Nb5 g6 25. Rfd1 Rd8 26. a5 Rd7 27. a6
Ba8 28. a7 f5 29. Ra6 Rb7 30. Rc6 Rxb5 31. Rc8+ Kg7 32. Rxa8 Kf6 33. g3 Ra5 34.
b4 Ra2 35. b5 Rxc2 36. Rd8 f4 37. a8=Q fxg3 1-0

[Event "Barry Atkinson mem."]
[Site "Winnipeg CAN"]
[Date "2023.03.21"]
[Round "3.7"]
[White "Ling, Aiden"]
[Black "Odeyemi, Emmanuel"]
[Result "0-1"]
[WhiteElo "1000"]
[BlackElo "1515"]
[PlyCount "92"]
[EventDate "2023.03.07"]
[EventType "swiss"]
[EventRounds "4"]
[EventCountry "CAN"]

1. e4 c5 2. Nc3 e6 3. d4 d5 4. Nf3 Nf6 5. e5 Nfd7 6. Bg5 Be7 7. Bxe7 Qxe7 8.
Be2 Nc6 9. Nb5 O-O 10. c3 cxd4 11. Nfxd4 Ndxe5 12. Nxc6 bxc6 13. Nd4 c5 14. Nb3
Bb7 15. O-O c4 16. Nd4 Rac8 17. Bf3 Nxf3+ 18. Nxf3 Rfd8 19. Re1 a6 20. Nd4 Qf6
21. Qe2 Re8 22. Rad1 h6 23. Qe3 e5 24. Nc2 Qg6 25. Re2 d4 26. Qg3 Qxg3 27. fxg3
d3 28. Rf2 dxc2 29. Rdf1 f6 30. Rxc2 Be4 31. Rd2 Bd3 32. Re1 e4 33. Kf2 f5 34.
Ke3 g5 35. Rf2 Rc5 36. h4 Kg7 37. h5 Rf8 38. Kd4 Rc7 39. Rd1 Rd7+ 40. Ke5 Re8+
41. Kxf5 e3+ 42. Kg4 exf2 43. Kh3 f1=Q 44. Rxf1 Bxf1 45. g4 Rd2 46. a4 Rxg2 0-1

[Event "Barry Atkinson mem."]
[Site "Winnipeg CAN"]
[Date "2023.03.21"]
[Round "3.8"]
[White "Hansima, Charitha"]
[Black "Dali Cruz-Sanchez, Helena"]
[Result "1-0"]
[WhiteElo "1768"]
[BlackElo "1107"]
[PlyCount "81"]
[EventDate "2023.03.07"]
[EventType "swiss"]
[EventRounds "4"]
[EventCountry "CAN"]

1. d4 d5 2. Nf3 e6 3. Bf4 f5 4. e3 Nf6 5. Nbd2 c6 6. Be2 Bd6 7. Ne5 Nbd7 8.
Ndf3 Bxe5 9. Bxe5 O-O 10. c4 Ne4 11. O-O b6 12. cxd5 cxd5 13. Rc1 Bb7 14. Qa4
a6 15. h3 Nxe5 16. Nxe5 b5 17. Qb4 Rc8 18. a4 Qb6 19. Nd7 a5 20. Qxf8+ Rxf8 21.
Nxb6 Nd2 22. Rfd1 Nb3 23. Rc7 Rb8 24. Nd7 Rc8 25. Rxb7 bxa4 26. Rxb3 axb3 27.
Rd2 Rc1+ 28. Bd1 a4 29. Nc5 a3 30. bxa3 b2 31. Rxb2 Rxd1+ 32. Kh2 Kf7 33. Ra2
Rb1 34. a4 Ke7 35. a5 Kd8 36. a6 Rb8 37. Nxe6+ Kc8 38. Nxg7 Ra8 39. Ra5 Kb8 40.
Rxd5 Rxa6 41. Rxf5 1-0

[Event "Barry Atkinson mem."]
[Site "Winnipeg CAN"]
[Date "2023.03.21"]
[Round "3.10"]
[White "Roberts, Allan"]
[Black "Ash, Cory"]
[Result "1-0"]
[WhiteElo "1439"]
[BlackElo "937"]
[PlyCount "67"]
[EventDate "2023.03.07"]
[EventType "swiss"]
[EventRounds "4"]
[EventCountry "CAN"]

1. c4 e5 2. Nc3 Nc6 3. Nf3 d6 4. g3 Nf6 5. Bg2 Bf5 6. d4 Qe7 7. O-O h6 8. dxe5
dxe5 9. a3 Qd6 10. Nb5 Qe7 11. b4 a6 12. Nc3 Rd8 13. Nd5 Qd6 14. Nxf6+ Qxf6 15.
Qa4 e4 16. Nh4 Qxa1 17. Nxf5 Qe5 18. Ne3 Be7 19. Nd5 O-O 20. Bf4 Qe6 21. Bxc7
Rd7 22. Bb6 Ne5 23. Nxe7+ Rxe7 24. Bc5 Nxc4 25. Bxe7 Qxe7 26. Rc1 Nd6 27. Qb3
Rc8 28. Rxc8+ Nxc8 29. Qd5 Nd6 30. h4 b5 31. e3 Kh7 32. Qa8 Qb7 33. Qxb7 Nxb7
34. Bxe4+ 1-0

[Event "Barry Atkinson mem."]
[Site "Winnipeg CAN"]
[Date "2023.03.28"]
[Round "4.1"]
[White "Atem, James"]
[Black "Vaughan, Nathan"]
[Result "0-1"]
[WhiteElo "1788"]
[BlackElo "1778"]
[PlyCount "44"]
[EventDate "2023.03.07"]
[EventType "swiss"]
[EventRounds "4"]
[EventCountry "CAN"]

1. c4 Nf6 2. Nc3 c6 3. e4 d5 4. e5 d4 5. Nb1 Ne4 6. f3 e6 7. fxe4 Qh4+ 8. Ke2
Qxe4+ 9. Kf2 d3 10. Nf3 Bc5+ 11. Kg3 h5 12. h4 Qg4+ 13. Kh2 Bf2 14. Rg1 Bg3+
15. Kh1 Nd7 16. Bxd3 Nxe5 17. Ng5 Nxd3 18. Nh3 Qxh4 19. Rf1 e5 20. Qf3 Bxh3 21.
Qxf7+ Kd8 22. Rf3 Bf5+ 0-1

[Event "Barry Atkinson mem."]
[Site "Winnipeg CAN"]
[Date "2023.03.28"]
[Round "4.3"]
[White "Dhillon, Iqvinder"]
[Black "Stordeur, Jackson"]
[Result "1-0"]
[WhiteElo "1796"]
[BlackElo "1670"]
[PlyCount "25"]
[EventDate "2023.03.07"]
[EventType "swiss"]
[EventRounds "4"]
[EventCountry "CAN"]

1. b3 e5 2. Bb2 Nc6 3. e3 Nf6 4. Bb5 Bd6 5. Ne2 a6 6. Bxc6 dxc6 7. O-O O-O 8.
h3 Bf5 9. d3 e4 10. Ng3 Bg6 11. Nxe4 Nxe4 12. dxe4 Bxe4 13. Qd4 1-0

[Event "Barry Atkinson mem."]
[Site "Winnipeg CAN"]
[Date "2023.03.28"]
[Round "4.4"]
[White "MacPherson, Al"]
[Black "Odeyemi, Emmanuel"]
[Result "1-0"]
[WhiteElo "1677"]
[BlackElo "1515"]
[PlyCount "47"]
[EventDate "2023.03.07"]
[EventType "swiss"]
[EventRounds "4"]
[EventCountry "CAN"]

1. b3 e5 2. Bb2 Nc6 3. e3 d5 4. Bb5 Nge7 5. Bxe5 a6 6. Bxc6+ Nxc6 7. Bb2 d4 8.
exd4 Nxd4 9. Ne2 Bc5 10. Nxd4 Bxd4 11. Qe2+ Be6 12. Nc3 O-O 13. O-O-O b5 14.
Rde1 Re8 15. f4 Qd7 16. Qf3 h6 17. Rhf1 Bg4 18. Qd5 Rxe1+ 19. Rxe1 Bxc3 20.
Qxa8+ Kh7 21. Bxc3 Qd6 22. Qe4+ f5 23. Qe7 Qg6 24. Re6 1-0

[Event "Barry Atkinson mem."]
[Site "Winnipeg CAN"]
[Date "2023.03.28"]
[Round "4.5"]
[White "Bince, Rolando"]
[Black "Letain, Cory"]
[Result "0-1"]
[WhiteElo "1889"]
[BlackElo "1750"]
[PlyCount "92"]
[EventDate "2023.03.07"]
[EventType "swiss"]
[EventRounds "4"]
[EventCountry "CAN"]

1. c4 g6 2. Nc3 d6 3. g3 Bg7 4. Bg2 c6 5. Nf3 Nf6 6. d4 a6 7. O-O O-O 8. e4 b5
9. cxb5 axb5 10. a3 b4 11. Na2 bxa3 12. Nc3 a2 13. Qb3 Be6 14. d5 cxd5 15. exd5
Bf5 16. Rxa2 Rxa2 17. Qxa2 Nbd7 18. Nd4 Nxd5 19. Nxf5 Nxc3 20. bxc3 gxf5 21.
Qc2 e6 22. Ba3 Qc7 23. Rd1 Nc5 24. Bb4 Rc8 25. Ra1 d5 26. Ra3 Ne4 27. Bxe4 fxe4
28. Qe2 Qc4 29. Qxc4 dxc4 30. Ra7 Bh6 31. Kf1 e3 32. f4 Rd8 33. Ke2 Rd2+ 34.
Kxe3 Rxh2 35. Ra8+ Kg7 36. Bf8+ Kg6 37. Bxh6 Kxh6 38. Rc8 Rg2 39. Kf3 Rc2 40.
Rxc4 Kg6 41. g4 h5 42. g5 Rc1 43. Rc6 Rf1+ 44. Kg3 h4+ 45. Kg4 h3 46. Rc8 h2
0-1

[Event "Barry Atkinson mem."]
[Site "Winnipeg CAN"]
[Date "2023.03.28"]
[Round "4.6"]
[White "March, John"]
[Black "Annakkage, Udaya"]
[Result "0-1"]
[WhiteElo "1385"]
[BlackElo "1783"]
[PlyCount "56"]
[EventDate "2023.03.07"]
[EventType "swiss"]
[EventRounds "4"]
[EventCountry "CAN"]

1. c4 Nf6 2. g3 e5 3. Bg2 Nc6 4. Nc3 Be7 5. e3 d6 6. Nge2 Bf5 7. d4 e4 8. a3 a5
9. d5 Ne5 10. Qb3 Nd3+ 11. Kd2 Nc5 12. Qc2 Qd7 13. Nd4 Bg6 14. h4 Nd3 15. Bh3
Ng4 16. Qa4 Qxa4 17. Nxa4 Ndxf2 18. Bxg4 Nxh1 19. h5 Nxg3 20. hxg6 hxg6 21. Nc3
Rh2+ 22. Kd1 Bg5 23. Ndb5 Kd8 24. Ne2 Nf1 25. Nec3 Nxe3+ 26. Bxe3 Bxe3 27. Nxe4
f5 28. Ng5 Bxg5 0-1

[Event "Barry Atkinson mem."]
[Site "Winnipeg CAN"]
[Date "2023.03.28"]
[Round "4.7"]
[White "Hansima, Charitha"]
[Black "Roberts, Allan"]
[Result "1-0"]
[WhiteElo "1768"]
[BlackElo "1439"]
[PlyCount "59"]
[EventDate "2023.03.07"]
[EventType "swiss"]
[EventRounds "4"]
[EventCountry "CAN"]

1. d4 Nf6 2. Nf3 e6 3. Bf4 b6 4. Nbd2 c5 5. c3 d5 6. e3 Nc6 7. Bd3 Bd6 8. Ne5
Bb7 9. Ndf3 c4 10. Bc2 Nh5 11. Nxf7 Kxf7 12. Ng5+ Ke7 13. Qxh5 g6 14. Qg4 Qd7
15. Bxd6+ Qxd6 16. O-O Bc8 17. Qf4 Nd8 18. Qh4 Kd7 19. Qf4 Qe7 20. Nf3 Rf8 21.
Qg3 Nc6 22. e4 dxe4 23. Bxe4 Bb7 24. Bxc6+ Bxc6 25. Ne5+ Kc7 26. Nxg6+ Qd6 27.
Qxd6+ Kxd6 28. Nxf8 Rxf8 29. Rfe1 Rg8 30. g3 1-0